[Event "XIII Miedzynarodowy Turniej Szachowy GORA SW. ANNY - Open A"]
[Site "GORA SW. ANNY, Dom Pielgrzyma (woj. opolskie)"]
[Date "1899-12-30"]
[Round "5.1"]
[White "Hnydiuk, Aleksander"]
[Black "Licznerski, Lukasz"]
[Result "1/2-1/2"]
[WhiteTitle "IM"]
[BlackTitle "FM"]
[WhiteElo "2402"]
[BlackElo "2360"]

1. Nf3 Nf6 2. c4 g6 3. g3 Bg7 4. Bg2 d5 5. cxd5 Nxd5 6. d4 Nb6 7. Nc3 Nc6 8. e3
O-O 9. O-O Re8 10. a3 a5 11. d5 Ne5 12. Nxe5 Bxe5 13. Qc2 Bd7 14. Rd1 Qc8 15.
e4 e6 16. dxe6 Bxe6 17. Be3 a4 18. Nd5 Nxd5 19. exd5 Bf5 20. Qd2 Bh3 21. Bd4 Qf5
22. Bxe5 Rxe5 23. Qf4 Bxg2 24. Qxf5 Rxf5 25. Kxg2 Rd8 26. Rac1 Rfxd5 27. Rxd5
Rxd5 28. Rxc7 b5 29. Rb7 g5 30. h3 Kg7 31. Kf1 h5 32. Ke2 Kg6 33. Rc7 f6 34. b3
axb3 35. Rc3 b2 1/2-1/2

[Event "XIII Miedzynarodowy Turniej Szachowy GORA SW. ANNY - Open A"]
[Site "GORA SW. ANNY, Dom Pielgrzyma (woj. opolskie)"]
[Date "1899-12-30"]
[Round "5.2"]
[White "Szczesniak, Konrad"]
[Black "Malicka, Maria"]
[Result "0-1"]
[WhiteTitle "k"]
[BlackTitle "WCM"]
[WhiteElo "2045"]
[BlackElo "2113"]

1. d4 Nf6 2. c4 e6 3. Nc3 Bb4 4. e3 O-O 5. Bd3 d5 6. Nge2 c5 7. O-O cxd4 8. exd4
dxc4 9. Bxc4 Nc6 10. Bg5 h6 11. Bh4 Be7 12. Qd3 Qb6 13. Bb3 Rd8 14. Rad1 Bd7 15.
Na4 Qc7 16. Rc1 Rac8 17. a3 Be8 18. Rfd1 Qa5 19. Nc5 Nxd4 20. Nxb7 Nxb3 21. Nxa5
Rxd3 22. Nxb3 Rxc1 23. Rxc1 Rxb3 24. Rc2 Kf8 25. Nd4 Rd3 0-1

[Event "XIII Miedzynarodowy Turniej Szachowy GORA SW. ANNY - Open A"]
[Site "GORA SW. ANNY, Dom Pielgrzyma (woj. opolskie)"]
[Date "1899-12-30"]
[Round "5.3"]
[White "Jarmula, Lukasz"]
[Black "Mikhaletz, Lubomir"]
[Result "1-0"]
[WhiteTitle "IM"]
[BlackTitle "GM"]
[WhiteElo "2445"]
[BlackElo "2377"]

1. d4 d5 2. c4 c6 3. cxd5 cxd5 4. Bf4 Nc6 5. e3 f6 6. Bb5 e5 7. dxe5 Bb4+ 8. Nc3
Qa5 9. Bxc6+ bxc6 10. Nge2 Ba6 11. a3 Bxc3+ 12. Nxc3 Bc4 13. Qg4 Kf7 14. Qd7+
Ne7 15. e6+ Kf8 16. Bc7 Qa6 17. Bd8 Ke8 1-0

[Event "XIII Miedzynarodowy Turniej Szachowy GORA SW. ANNY - Open A"]
[Site "GORA SW. ANNY, Dom Pielgrzyma (woj. opolskie)"]
[Date "1899-12-30"]
[Round "5.4"]
[White "Czopor, Maciej"]
[Black "Krzywda, Andrzej"]
[Result "1-0"]
[WhiteTitle "k"]
[BlackTitle "CM"]
[WhiteElo "2178"]
[BlackElo "2188"]

1. e4 c6 2. d4 d5 3. e5 c5 4. dxc5 e6 5. Qg4 Nd7 6. Nf3 Ne7 7. Bb5 Nf5 8. O-O Bxc5
9. Bd3 h5 10. Qf4 g6 11. Bxf5 gxf5 12. Qg3 Nf8 13. Bg5 Be7 14. h4 Bd7 15. Nbd2
Rc8 16. Rac1 Ng6 17. c4 Bc6 18. Bxe7 Nxe7 19. Rfd1 Rg8 20. Ng5 Rc7 21. cxd5 Bxd5
22. Nc4 Rxc4 23. Rxc4 Qb6 24. Rc2 Bxa2 25. Rd6 Nc6 26. Qf3 Ke7 27. Qa3 Qb4 28.
Rdxc6 Qxa3 29. Rc7+ Kf8 30. Rxf7+ Ke8 31. Rc8# 1-0

[Event "XIII Miedzynarodowy Turniej Szachowy GORA SW. ANNY - Open A"]
[Site "GORA SW. ANNY, Dom Pielgrzyma (woj. opolskie)"]
[Date "1899-12-30"]
[Round "5.5"]
[White "Bugajski, Robert"]
[Black "Hasterok, Mateusz"]
[Result "0-1"]
[WhiteTitle "FM"]
[BlackTitle "I++"]
[WhiteElo "2099"]
[BlackElo "2029"]

1. d4 f5 2. g3 Nf6 3. Bg2 g6 4. Nf3 Bg7 5. O-O O-O 6. c4 d6 7. Nc3 Nc6 8. d5 Ne5
9. Nxe5 dxe5 10. e4 f4 11. gxf4 exf4 12. f3 Nd7 13. Ne2 g5 14. Bh3 Ne5 15. Bxc8
Qxc8 16. Nd4 Qh3 17. Ne6 g4 18. Nxf4 Nxf3+ 19. Rxf3 Qxf3 20. Qxf3 gxf3 21. Ne6
f2+ 22. Kf1 Rf3 23. Bf4 c6 24. Ke2 f1=Q+ 25. Rxf1 Rxf1 26. Kxf1 cxd5 27. exd5
Bxb2 28. Ke2 Ba3 29. Kd3 Bd6 30. Bg5 Kf7 31. h3 b6 32. a4 h6 33. Bxh6 Rh8 34.
Be3 Ke8 35. a5 bxa5 36. c5 Be5 37. Ke4 Rxh3 38. c6 a4 39. Bxa7 Bd6 40. Bb6 a3
41. Ng7+ Kf7 42. Nf5 a2 43. Bd4 Rh1 44. Nxd6+ 0-1

[Event "XIII Miedzynarodowy Turniej Szachowy GORA SW. ANNY - Open A"]
[Site "GORA SW. ANNY, Dom Pielgrzyma (woj. opolskie)"]
[Date "1899-12-30"]
[Round "5.6"]
[White "Trybus, Daniel"]
[Black "Jankowiak, Piotr"]
[Result "1/2-1/2"]
[WhiteTitle "I++"]
[BlackTitle "I++"]
[WhiteElo "1973"]
[BlackElo "2046"]

1. d4 d5 2. c4 c6 3. Nc3 Nf6 4. Bg5 e6 5. e3 Be7 6. cxd5 exd5 7. Bd3 O-O 8. Nge2
Re8 9. Qc2 Nbd7 10. O-O Nf8 11. Kh1 Ng6 12. Nf4 Ng4 13. Bxe7 Qxe7 14. Nxg6 hxg6
15. Be2 Qh4 16. Bxg4 Bxg4 17. b4 Bf5 18. Qe2 f6 19. Qf3 Kf7 20. Qg3 Qxg3 21. hxg3
a5 22. b5 Bd3 23. Rfc1 cxb5 24. Nxd5 Rac8 25. Kg1 Rc6 26. f3 Rec8 27. Rxc6 Rxc6
28. a3 Bc4 29. Nc3 b4 30. axb4 axb4 31. Na4 Ra6 32. Rc1 b5 33. Nc5 Ra3 34. Rd1
b3 35. Rb1 b2 36. Rxb2 Rxe3 37. Rd2 Re2 38. Rd1 Bd5 39. Rb1 Bc4 40. Rd1 Bd5 41.
Rb1 Bc4 42. Ne4 1/2-1/2

[Event "XIII Miedzynarodowy Turniej Szachowy GORA SW. ANNY - Open A"]
[Site "GORA SW. ANNY, Dom Pielgrzyma (woj. opolskie)"]
[Date "1899-12-30"]
[Round "6.1"]
[White "Licznerski, Lukasz"]
[Black "Malicka, Maria"]
[Result "0-1"]
[WhiteTitle "FM"]
[BlackTitle "WCM"]
[WhiteElo "2360"]
[BlackElo "2113"]

1. e4 c5 2. Nf3 d6 3. d4 cxd4 4. Nxd4 Nf6 5. f3 e5 6. Nb3 d5 7. Bg5 d4 8. c3 Nc6
9. Bb5 h6 10. Bh4 Qb6 11. Bxc6+ bxc6 12. cxd4 Ba6 13. Bf2 Rd8 14. N1d2 exd4 15.
Qc2 Bb4 16. a3 Qb5 17. O-O-O d3 18. Qb1 Bd6 19. Qa2 O-O 20. Kb1 Rb8 21. Rc1 Bf4
22. g3 Bxd2 23. Nxd2 Bc8 24. Bxa7 Be6 25. b3 Rb7 26. Bd4 Qa4 27. Bxf6 Bxb3 28.
Nxb3 Rxb3+ 29. Bb2 Rfb8 30. Ka1 Rxb2 31. Qxb2 Rxb2 32. Kxb2 Qd4+ 33. Kb3 d2 34.
Rcd1 Qd3+ 35. Kb4 Qxf3 36. Rhf1 Qe3 37. a4 c5+ 38. Kb5 Qd4 39. Ra1 Qb4+ 40. Kc6
c4 41. a5 c3 42. a6 Qxe4+ 43. Kb6 c2 44. a7 Qa8 45. g4 Kh7 46. h3 Qd8+ 47. Kb5
Qa8 48. Kb6 f6 49. Rg1 Kg6 50. h4 Kf7 51. h5 Ke6 52. Rgc1 dxc1=Q 53. Rxc1 Qd8+
54. Kb7 Qd5+ 55. Kb6 Qb3+ 56. Kc7 Qc3+ 57. Kb7 Qb2+ 58. Kc8 Qxc1 59. a8=Q Qd2
60. Qc6+ Ke5 61. Qc7+ Ke4 62. Qc4+ Kf3 63. Qb3+ Kxg4 64. Qe6+ Kxh5 65. Qh3+ Kg6
66. Qg4+ Qg5 0-1

[Event "XIII Miedzynarodowy Turniej Szachowy GORA SW. ANNY - Open A"]
[Site "GORA SW. ANNY, Dom Pielgrzyma (woj. opolskie)"]
[Date "1899-12-30"]
[Round "6.2"]
[White "Hnydiuk, Aleksander"]
[Black "Szczesniak, Konrad"]
[Result "1-0"]
[WhiteTitle "IM"]
[BlackTitle "k"]
[WhiteElo "2402"]
[BlackElo "2045"]

1. Nf3 Nf6 2. c4 g6 3. g3 Bg7 4. Bg2 O-O 5. d4 c5 6. Nc3 Nc6 7. O-O d6 8. dxc5
dxc5 9. Be3 Qa5 10. Qb3 Ng4 11. Bf4 Qb4 12. h3 Nf6 13. Nd5 Qxb3 14. axb3 Nxd5
15. cxd5 Nd4 16. Nxd4 Bxd4 17. Rac1 Bd7 18. d6 e5 19. Bh6 Rfe8 20. Rfd1 e4 21.
e3 Bxb2 22. Rxc5 Bc6 23. d7 Red8 24. Rxc6 bxc6 25. Bxe4 Rab8 26. Bxc6 Bf6 27.
Ba4 Be5 28. e4 Rb4 29. Be3 Rb7 30. Bc5 Bf6 31. e5 Bxe5 32. Be7 Rbb8 33. Bxd8 Rxd8
34. Re1 Bc7 35. Re8+ Kg7 36. Kg2 Kf6 37. Kf3 Kg5 38. Ke4 h5 39. h4+ Kg4 40. Bb5
f5+ 41. Kd5 Kf3 42. Ke6 Kxf2 43. Ke7 Rxd7+ 44. Kxd7 Bb6 45. Rg8 Kxg3 46. Rxg6+
Kxh4 47. Be2 f4 48. Ke6 Bf2 49. Kf5 Be3 50. Ke4 Bd2 51. Rg1 1-0

[Event "XIII Miedzynarodowy Turniej Szachowy GORA SW. ANNY - Open A"]
[Site "GORA SW. ANNY, Dom Pielgrzyma (woj. opolskie)"]
[Date "1899-12-30"]
[Round "6.3"]
[White "Jarmula, Lukasz"]
[Black "Czopor, Maciej"]
[Result "1-0"]
[WhiteTitle "IM"]
[BlackTitle "k"]
[WhiteElo "2445"]
[BlackElo "2178"]

1. e4 c5 2. Nf3 e6 3. c3 d5 4. exd5 Qxd5 5. d4 Nc6 6. Be3 Nf6 7. c4 Qd7 8. Nc3
cxd4 9. Nxd4 Bb4 10. Ndb5 O-O 11. a3 Be7 12. Qc2 e5 13. Rd1 Qg4 14. h3 Bf5 15.
hxg4 Bxc2 16. Rd2 Bg6 17. Nd5 Nxd5 18. cxd5 Nd4 19. Nxd4 exd4 20. Bxd4 Rfe8 21.
Be3 Bg5 22. Rh3 Rad8 23. Be2 Bxe3 24. Rxe3 Rxe3 25. fxe3 Kf8 26. Bf3 Ke7 27. d6+
Rxd6 28. Rxd6 Kxd6 29. Bxb7 f6 30. Kd2 a5 31. Kc3 Kc5 32. b4+ axb4+ 33. axb4+
Kb5 34. Bd5 h5 35. gxh5 Bxh5 36. Bc4+ Kc6 37. Kd4 Bg4 38. b5+ Kb6 39. e4 Bd7 40.
Kd5 Be8 41. Kd6 Bh5 42. Bd3 Bd1 43. Ke7 Kc5 44. Kf7 g5 45. Kxf6 g4 46. e5 Kd5
1-0

[Event "XIII Miedzynarodowy Turniej Szachowy GORA SW. ANNY - Open A"]
[Site "GORA SW. ANNY, Dom Pielgrzyma (woj. opolskie)"]
[Date "1899-12-30"]
[Round "6.4"]
[White "Mikhaletz, Lubomir"]
[Black "Hasterok, Mateusz"]
[Result "1-0"]
[WhiteTitle "GM"]
[BlackTitle "I++"]
[WhiteElo "2377"]
[BlackElo "2029"]

1. d4 f5 2. g4 fxg4 3. h3 g3 4. fxg3 d5 5. e4 Nf6 6. Nc3 dxe4 7. Bg2 c5 8. Nge2
Nc6 9. Be3 cxd4 10. Nxd4 Qd6 11. Kf2 Nxd4 12. Qxd4 e5 13. Qxd6 Bxd6 14. Rad1 O-O
15. Ke2 Bb4 16. Nxe4 Nxe4 17. Bxe4 Be6 18. Bd5 Bxd5 19. Rxd5 Rfe8 20. Rb5 Bd6
21. Rd1 Re6 22. Rxb7 e4 23. Rxa7 Rxa7 24. Bxa7 Bxg3 25. Rd8+ Kf7 26. Rd7+ Kf6
27. Bd4+ Be5 28. Ke3 Bxd4+ 29. Rxd4 Rc6 30. c3 Kf5 31. Rd5+ Ke6 32. Rh5 Rb6 33.
b4 Ra6 34. Ra5 Rc6 35. Kd4 Kf6 36. b5 Rc8 37. b6 e3 38. Kxe3 Rxc3+ 39. Kd4 Rc8
40. b7 Rb8 41. Rb5 Ke6 42. Kc5 1-0

[Event "XIII Miedzynarodowy Turniej Szachowy GORA SW. ANNY - Open A"]
[Site "GORA SW. ANNY, Dom Pielgrzyma (woj. opolskie)"]
[Date "1899-12-30"]
[Round "6.5"]
[White "Jankowiak, Piotr"]
[Black "Krzywda, Andrzej"]
[Result "0-1"]
[WhiteTitle "I++"]
[BlackTitle "CM"]
[WhiteElo "2046"]
[BlackElo "2188"]

1. d4 Nf6 2. Bf4 e6 3. e3 d5 4. Nd2 c5 5. c3 Bd6 6. Bg3 Qc7 7. Ngf3 Nbd7 8. Bd3
O-O 9. O-O Bxg3 10. hxg3 e5 11. Nxe5 Nxe5 12. dxe5 Qxe5 13. Be2 Rd8 14. Qa4 c4
15. Nf3 Qh5 16. Nd4 Bg4 17. f3 Bd7 18. Qc2 Qg5 19. Kf2 Nh5 20. g4 Qh4+ 21. Kg1
Ng3 22. Rfe1 Re8 23. Bf1 h5 24. gxh5 Re5 25. Ne2 Rxh5 26. Nxg3 Qxg3 27. Qd2 Re8
28. e4 Re6 29. Bxc4 Reh6 30. Kf1 Rh1+ 31. Ke2 Qxg2+ 32. Ke3 Qg5+ 33. f4 R1h3+
34. Kd4 Qf6+ 0-1

[Event "XIII Miedzynarodowy Turniej Szachowy GORA SW. ANNY - Open A"]
[Site "GORA SW. ANNY, Dom Pielgrzyma (woj. opolskie)"]
[Date "1899-12-30"]
[Round "6.6"]
[White "Bugajski, Robert"]
[Black "Trybus, Daniel"]
[Result "1/2-1/2"]
[WhiteTitle "FM"]
[BlackTitle "I++"]
[WhiteElo "2099"]
[BlackElo "1973"]

1. e4 Nf6 2. e5 Nd5 3. d4 d6 4. Nf3 dxe5 5. Nxe5 Nd7 6. Nxd7 Bxd7 7. Be2 Bf5 8.
O-O e6 9. a3 c6 10. c4 Nf6 11. Nc3 Bd6 12. Bg5 h6 13. Bxf6 Qxf6 14. d5 O-O 15.
dxe6 Qe5 16. g3 Bc5 17. e7 Qxe7 18. Bg4 Rad8 19. Qf3 Bxg4 20. Qxg4 Rd4 21. Qf5
Qg5 22. Qxg5 hxg5 23. b3 Re8 24. Ra2 Rd3 25. Rc1 f5 26. Kg2 f4 27. Kh3 Rf3 28.
Kg4 Rxf2 29. Rxf2 Bxf2 30. Rc2 Be3 31. gxf4 gxf4 32. Re2 Kf7 33. a4 Kf6 34. Nd1
g5 35. Nxe3 fxe3 36. Kf3 c5 37. Rxe3 Rxe3+ 38. Kxe3 Ke5 39. Kf3 Kf5 40. h3 b6
41. Kg3 a6 42. Kf3 a5 43. Kg3 1/2-1/2

[Event "XIII Miedzynarodowy Turniej Szachowy GORA SW. ANNY - Open A"]
[Site "GORA SW. ANNY, Dom Pielgrzyma (woj. opolskie)"]
[Date "1899-12-30"]
[Round "7.1"]
[White "Mikhaletz, Lubomir"]
[Black "Hnydiuk, Aleksander"]
[Result "0-1"]
[WhiteTitle "GM"]
[BlackTitle "IM"]
[WhiteElo "2377"]
[BlackElo "2402"]

1. e4 c5 2. Nf3 Nc6 3. b3 e5 4. Bb2 d6 5. Bb5 Nf6 6. Qe2 Be7 7. h3 O-O 8. Bxc6
bxc6 9. g4 Ne8 10. d3 Nc7 11. Nbd2 Ne6 12. Nc4 Bg5 13. Nxg5 Nxg5 14. O-O-O Ne6
15. Qd2 f6 16. Qa5 Qe7 17. Ne3 Nf4 18. Kb1 Be6 19. Nf5 Qd7 20. Qd2 g6 21. Ng3
Kf7 22. d4 cxd4 23. Bxd4 exd4 24. Qxf4 c5 25. Nf5 Rad8 26. Nxd4 cxd4 27. Rxd4
Qc7 28. Rhd1 Qc5 29. Qh6 Kg8 30. f4 Rc8 31. c4 Bf7 32. h4 a5 33. h5 a4 34. f5
Be8 35. hxg6 Rc7 36. g5 axb3 37. axb3 Qa3 38. R1d2 Qxb3+ 39. Rb2 Qe3 40. Rxd6
Qxe4+ 41. Rc2 Qe1+ 42. Rc1 Qb4+ 0-1

[Event "XIII Miedzynarodowy Turniej Szachowy GORA SW. ANNY - Open A"]
[Site "GORA SW. ANNY, Dom Pielgrzyma (woj. opolskie)"]
[Date "1899-12-30"]
[Round "7.2"]
[White "Malicka, Maria"]
[Black "Trybus, Daniel"]
[Result "1-0"]
[WhiteTitle "WCM"]
[BlackTitle "I++"]
[WhiteElo "2113"]
[BlackElo "1973"]

1. e4 Nf6 2. e5 Nd5 3. d4 d6 4. Nf3 Bg4 5. Be2 e6 6. O-O Be7 7. c4 Nb6 8. Nc3 O-O
9. Be3 Nc6 10. exd6 cxd6 11. d5 exd5 12. Nxd5 Nxd5 13. Qxd5 Bf6 14. Qd2 Qe7 15.
Rad1 Rad8 16. Rfe1 Rd7 17. Nd4 Bxe2 18. Nxe2 Qe4 19. b3 d5 20. Bc5 Rfd8 21. Nf4
Bc3 22. Rxe4 Bxd2 23. Nxd5 Bg5 24. f4 f5 25. Re2 Bxf4 26. Rf1 Bg5 27. Rxf5 h6
28. g3 b6 29. Bf2 Ne7 30. Rxg5 hxg5 31. Nxe7+ Kf7 32. Nd5 b5 33. Kg2 Rc8 34. Ne3
a6 35. Ng4 Re7 36. Ne5+ Kg8 37. c5 Rce8 38. Bd4 Rd8 39. Bb2 b4 40. Rc2 Rd5 41.
c6 1-0

[Event "XIII Miedzynarodowy Turniej Szachowy GORA SW. ANNY - Open A"]
[Site "GORA SW. ANNY, Dom Pielgrzyma (woj. opolskie)"]
[Date "1899-12-30"]
[Round "7.3"]
[White "Krzywda, Andrzej"]
[Black "Jarmula, Lukasz"]
[Result "0-1"]
[WhiteTitle "CM"]
[BlackTitle "IM"]
[WhiteElo "2188"]
[BlackElo "2445"]

1. d4 Nf6 2. c4 e6 3. Nf3 c5 4. d5 exd5 5. cxd5 d6 6. Nc3 g6 7. Nd2 Nbd7 8. e4
Bg7 9. Be2 O-O 10. O-O a6 11. a4 Re8 12. Ra3 Ne5 13. Re1 Qc7 14. a5 Bg4 15. f3
Bd7 16. Nc4 Nxc4 17. Bxc4 Nh5 18. g4 Bd4+ 19. Kg2 Ng7 20. Ne2 Bf6 21. g5 Bd8 22.
Ng3 Bb5 23. Qd3 Qd7 24. b3 Rb8 25. Qc3 Rf8 26. e5 dxe5 27. Rxe5 Bxc4 28. Qxc4
Rc8 29. Ra2 Kh8 30. Rae2 f6 31. Re6 fxg5 32. Bb2 Qf7 33. Qc3 g4 34. fxg4 Bh4 35.
d6 Bxg3 36. Rf6 Qxf6 37. Qxf6 Rxf6 38. d7 Rg8 39. Bxf6 Bc7 40. Re8 h6 41. d8=Q
Bxd8 42. Rxd8 Rxd8 43. Bxd8 Ne6 44. Be7 Kg7 45. Kf2 Kf7 46. Bd6 Nd4 47. Bxc5 Nxb3
48. Bb6 Nd2 49. Kg3 Nc4 50. Bc7 Ke6 51. h4 Kd7 52. Bf4 h5 53. Kf3 Nxa5 54. gxh5
gxh5 55. Bc1 Ke6 56. Kf4 Kf6 57. Ke4 Nc4 58. Kd5 b5 59. Kc6 Kf5 60. Bg5 b4 61.
Kc5 b3 62. Kxc4 b2 0-1

[Event "XIII Miedzynarodowy Turniej Szachowy GORA SW. ANNY - Open A"]
[Site "GORA SW. ANNY, Dom Pielgrzyma (woj. opolskie)"]
[Date "1899-12-30"]
[Round "7.4"]
[White "Hasterok, Mateusz"]
[Black "Licznerski, Lukasz"]
[Result "1/2-1/2"]
[WhiteTitle "I++"]
[BlackTitle "FM"]
[WhiteElo "2029"]
[BlackElo "2360"]

1. d4 Nf6 2. c4 g6 3. f3 c5 4. d5 d6 5. Nc3 Bg7 6. e4 O-O 7. Be3 e6 8. Nge2 exd5
9. cxd5 a6 10. a4 Nbd7 11. Ng3 h5 12. Be2 Rb8 13. O-O Re8 14. Qd2 h4 15. Nh1 h3
16. g3 Ne5 17. Bg5 b5 18. axb5 axb5 19. Nxb5 Nxf3+ 20. Bxf3 Rxb5 21. Qf4 Rxb2
22. Nf2 c4 23. Ra8 c3 24. Bg4 Nxg4 25. Bxd8 Bd4 26. Rxc8 Nxf2 27. Bf6 Ng4+ 28.
Bxd4 Rg2+ 29. Kh1 Rxh2+ 30. Kg1 Rg2+ 1/2-1/2

[Event "XIII Miedzynarodowy Turniej Szachowy GORA SW. ANNY - Open A"]
[Site "GORA SW. ANNY, Dom Pielgrzyma (woj. opolskie)"]
[Date "1899-12-30"]
[Round "7.5"]
[White "Czopor, Maciej"]
[Black "Jankowiak, Piotr"]
[Result "1-0"]
[WhiteTitle "k"]
[BlackTitle "I++"]
[WhiteElo "2178"]
[BlackElo "2046"]

1. e4 d6 2. d4 Nf6 3. Nc3 e5 4. Nf3 Nbd7 5. Rg1 g6 6. g4 Bg7 7. g5 Nh5 8. Be3 c6
9. Qd2 O-O 10. O-O-O b5 11. dxe5 dxe5 12. Qd6 b4 13. Qxb4 Qc7 14. Qd6 Qb7 15.
Bc4 Re8 16. Na4 Rb8 17. Bb3 Bf8 18. Qd3 Nf4 19. Qc4 Ne6 20. h4 Qc7 21. a3 Nb6
22. Qc3 Nf4 23. Rd2 Bg7 24. Nc5 Nd7 25. Kb1 Nxc5 26. Bxc5 Bf8 27. Be3 Bg7 28.
Nh2 Be6 29. Bxe6 Nxe6 30. Nf3 c5 31. Rd5 Rb5 32. Qc4 Reb8 33. b3 Nd4 34. Nxd4
exd4 35. Bc1 a5 36. Rg3 a4 37. Qxa4 Qe7 38. Rg4 Qe6 39. Rf4 Be5 40. Rf3 Bg7 41.
Qc4 Qxe4 42. Rd3 Qe7 43. a4 Rb4 44. Qxc5 Qe4 45. Rd8+ Rxd8 46. Qxb4 Qxh4 47. a5
Qxf2 48. a6 Qg2 49. a7 Qa8 50. Qa4 Qb7 51. Bf4 Ra8 52. Bb8 Rxb8 53. axb8=R+ Qxb8
54. Qd7 Qa8 55. b4 Qh1+ 56. Kb2 Qg2 57. Qd8+ Bf8 58. b5 Qb7 59. b6 Qc6 60. Qc7
Qb5+ 61. Rb3 Qxg5 62. b7 1-0

[Event "XIII Miedzynarodowy Turniej Szachowy GORA SW. ANNY - Open A"]
[Site "GORA SW. ANNY, Dom Pielgrzyma (woj. opolskie)"]
[Date "1899-12-30"]
[Round "7.6"]
[White "Szczesniak, Konrad"]
[Black "Bugajski, Robert"]
[Result "0-1"]
[WhiteTitle "k"]
[BlackTitle "FM"]
[WhiteElo "2045"]
[BlackElo "2099"]

1. d4 Nf6 2. c4 g6 3. g3 c6 4. Bg2 d5 5. cxd5 cxd5 6. Nf3 Bg7 7. O-O O-O 8. Nc3
Ne4 9. Qb3 Nc6 10. Rd1 Nxc3 11. bxc3 Na5 12. Qb4 b6 13. Ne5 Ba6 14. e4 dxe4 15.
Ba3 f6 16. Nxg6 hxg6 17. Bxe4 Bb7 18. Re1 Bxe4 19. Rxe4 Rf7 20. Rae1 Rc8 21. Qb1
Nc4 22. Bxe7 Qd5 23. R4e2 f5 24. Qc1 f4 25. gxf4 Bh6 26. Bg5 Bxg5 27. fxg5 Rcf8
28. Re6 Kg7 29. Re7 Qf5 30. f4 Kg8 31. R1e6 Qg4+ 32. Kh1 Qf3+ 33. Kg1 Rxe7 34.
Rxe7 Rxf4 35. h3 Qg3+ 36. Kh1 Qxh3+ 37. Kg1 Qg3+ 38. Qd1 0-1

[Event "XIII Miedzynarodowy Turniej Szachowy GORA SW. ANNY - Open A"]
[Site "GORA SW. ANNY, Dom Pielgrzyma (woj. opolskie)"]
[Date "1899-12-30"]
[Round "8.1"]
[White "Krzywda, Andrzej"]
[Black "Hnydiuk, Aleksander"]
[Result "0-1"]
[WhiteTitle "CM"]
[BlackTitle "IM"]
[WhiteElo "2188"]
[BlackElo "2402"]

1. d4 Nf6 2. c4 g6 3. Nf3 Bg7 4. g3 c5 5. Bg2 cxd4 6. Nxd4 O-O 7. O-O Nc6 8. Nc3
Qa5 9. Nb3 Qh5 10. e4 d6 11. Qxh5 Nxh5 12. Be3 Nf6 13. h3 Be6 14. c5 Ne5 15. cxd6
exd6 16. Nd4 Nc4 17. Nxe6 fxe6 18. Rfe1 Nd7 19. Rad1 Nde5 20. Bc1 Nf3+ 21. Bxf3
Bxc3 22. bxc3 Rxf3 23. Be3 Raf8 24. e5 Nxe3 25. Rxe3 Rxe3 26. fxe3 d5 27. Kg2
Rf5 28. c4 Rxe5 29. cxd5 Rxd5 30. Rc1 Rd7 31. Kf3 Kf7 32. Ke4 Ke7 33. h4 b5 34.
Rc8 Kd6 35. g4 a5 36. Ra8 a4 37. a3 Rc7 38. h5 Rc4+ 39. Kf3 gxh5 40. gxh5 Rh4
41. Ra6+ Kd5 42. e4+ Rxe4 43. Rb6 Kc5 44. Rb7 Rh4 45. Rxh7 b4 46. axb4+ Kxb4 47.
Re7 Rxh5 48. Rxe6 a3 49. Rb6+ Rb5 50. Ra6 Kb3 51. Ke2 a2 52. Kd2 Kb2 0-1

[Event "XIII Miedzynarodowy Turniej Szachowy GORA SW. ANNY - Open A"]
[Site "GORA SW. ANNY, Dom Pielgrzyma (woj. opolskie)"]
[Date "1899-12-30"]
[Round "8.2"]
[White "Hasterok, Mateusz"]
[Black "Malicka, Maria"]
[Result "1-0"]
[WhiteTitle "I++"]
[BlackTitle "WCM"]
[WhiteElo "2029"]
[BlackElo "2113"]

1. d4 Nf6 2. c4 e6 3. Nc3 Bb4 4. f3 c5 5. d5 b5 6. e4 O-O 7. Nh3 bxc4 8. Bxc4 Nxd5
9. Bxd5 exd5 10. Qxd5 Ba6 11. Be3 Qa5 12. Kf2 Nc6 13. a3 Bxc3 14. bxc3 Qxc3 15.
Qxc5 Qb2+ 16. Kg3 Rab8 17. Nf4 Rb5 18. Rab1 Qxb1 19. Rxb1 Rxb1 20. Qf5 Rb7 21.
Nh5 f6 22. Qd5+ Rf7 23. Nf4 Rb2 24. h4 Rb5 25. Qd6 Re5 26. Bxa7 Bc4 27. Bd4 Ra5
28. Bc3 Ra8 29. h5 Re8 30. h6 gxh6 31. Kf2 Ne5 32. Nh5 Re6 33. Qd2 f5 34. Bxe5
Rxe5 35. Qd4 Re6 36. Qxc4 fxe4 37. Qc8+ Rf8 38. Qxd7 e3+ 39. Ke2 Rg6 40. g4 Rf7
41. Qe8+ Rf8 42. Qxe3 Rb8 43. Kf2 Rf8 44. Kg3 Kf7 45. Qa7+ Ke8 46. Qxh7 Rd6 47.
Ng7+ Kd8 48. Nf5 Re6 49. Qb7 Ref6 50. Qe7+ 1-0

[Event "XIII Miedzynarodowy Turniej Szachowy GORA SW. ANNY - Open A"]
[Site "GORA SW. ANNY, Dom Pielgrzyma (woj. opolskie)"]
[Date "1899-12-30"]
[Round "8.3"]
[White "Jarmula, Lukasz"]
[Black "Bugajski, Robert"]
[Result "1-0"]
[WhiteTitle "IM"]
[BlackTitle "FM"]
[WhiteElo "2445"]
[BlackElo "2099"]

1. e4 e6 2. d4 d5 3. Nd2 c5 4. Ngf3 Nc6 5. exd5 exd5 6. Bb5 Bd6 7. O-O Nge7 8.
dxc5 Bxc5 9. Nb3 Bd6 10. Re1 O-O 11. Bd3 Bf5 12. Bg5 Qd7 13. c3 Rfe8 14. Qc2 Bg6
15. Rad1 f6 16. Bh4 Nf5 17. Bg3 Bxg3 18. hxg3 Ne5 19. Bxf5 Bxf5 20. Qd2 Rad8 21.
Nfd4 Bg6 22. f3 b6 23. Nc1 Nc4 24. Qf2 Re5 25. b3 Nd6 26. Qd2 Rde8 27. Nce2 Bf7
28. Nf4 g5 29. Nfe2 R8e7 30. Rf1 Qe8 31. Nc1 Bg6 32. Nd3 Bxd3 33. Qxd3 Re3 34.
Qd2 Qc8 35. Rfe1 Rxe1+ 36. Rxe1 Rxe1+ 37. Qxe1 Qd7 38. g4 Kf7 39. Qd2 a5 40. Nc2
Ne8 41. Qd3 Ke6 42. Qe3+ Kf7 43. Qxb6 1-0

[Event "XIII Miedzynarodowy Turniej Szachowy GORA SW. ANNY - Open A"]
[Site "GORA SW. ANNY, Dom Pielgrzyma (woj. opolskie)"]
[Date "1899-12-30"]
[Round "8.4"]
[White "Czopor, Maciej"]
[Black "Mikhaletz, Lubomir"]
[Result "0-1"]
[WhiteTitle "k"]
[BlackTitle "GM"]
[WhiteElo "2178"]
[BlackElo "2377"]

1. e4 c5 2. Nf3 e6 3. d4 cxd4 4. Nxd4 Nf6 5. Nc3 Nc6 6. Ndb5 Bc5 7. Bf4 e5 8. Bg3
d6 9. Nd5 Nxd5 10. Qxd5 a6 11. Na3 Nd4 12. Qc4 Qa5+ 13. Kd1 Bg4+ 14. f3 Nxf3 15.
gxf3 Bxf3+ 16. Be2 Bxh1 17. Be1 Qb6 18. b4 Be3 19. Qd3 Qd4 20. c3 Qxe4 21. Qxe4
Bxe4 22. Nc4 d5 23. Nxe3 O-O-O 24. Bg3 f6 25. Ke1 h5 26. h4 g6 27. Nf1 Rhe8 28.
Nd2 f5 29. Nxe4 dxe4 30. Bf2 Kc7 31. Bc4 f4 32. Ke2 e3 33. Be1 Rd6 34. Bd3 e4
35. Bc2 b5 36. a4 Kb6 37. axb5 axb5 38. c4 bxc4 39. Bc3 Rd3 40. Bxd3 cxd3+ 41.
Ke1 Rd8 42. Bf6 d2+ 43. Kd1 Rd3 44. Bg5 f3 45. Bxe3+ Rxe3 46. Kxd2 Re2+ 47. Kd1
Rg2 48. Ra3 Rg1+ 0-1

[Event "XIII Miedzynarodowy Turniej Szachowy GORA SW. ANNY - Open A"]
[Site "GORA SW. ANNY, Dom Pielgrzyma (woj. opolskie)"]
[Date "1899-12-30"]
[Round "8.5"]
[White "Licznerski, Lukasz"]
[Black "Jankowiak, Piotr"]
[Result "1-0"]
[WhiteTitle "FM"]
[BlackTitle "I++"]
[WhiteElo "2360"]
[BlackElo "2046"]

1. e4 e5 2. Nf3 Nf6 3. Nxe5 d6 4. Nf3 Nxe4 5. d4 d5 6. Bd3 Nd6 7. O-O Be7 8. Bf4
O-O 9. Nbd2 Bg4 10. c3 c6 11. Qc2 g6 12. Rfe1 Re8 13. h3 Bxf3 14. Nxf3 Nd7 15.
Re3 Bf8 16. Rxe8 Qxe8 17. Qb3 Nb6 18. Re1 Qd7 19. Ne5 Qc7 20. Ng4 Nd7 21. c4 Qb6
22. Qxb6 axb6 23. cxd5 Rxa2 24. Ne5 Nf6 25. dxc6 bxc6 26. Nxc6 Rxb2 27. Ra1 Nd5
28. Be5 f6 29. Bxd6 Bxd6 30. Bc4 1-0

[Event "XIII Miedzynarodowy Turniej Szachowy GORA SW. ANNY - Open A"]
[Site "GORA SW. ANNY, Dom Pielgrzyma (woj. opolskie)"]
[Date "1899-12-30"]
[Round "8.6"]
[White "Trybus, Daniel"]
[Black "Szczesniak, Konrad"]
[Result "1-0"]
[WhiteTitle "I++"]
[BlackTitle "k"]
[WhiteElo "1973"]
[BlackElo "2045"]

1. e4 c6 2. d4 d5 3. Nc3 dxe4 4. Nxe4 Nf6 5. Nxf6+ gxf6 6. c3 Bg7 7. Bc4 b5 8.
Bd3 Qd5 9. Ne2 e5 10. Be3 Nd7 11. Qc2 Nb6 12. Ng3 h5 13. Be4 Qe6 14. O-O-O Bb7
15. Kb1 Nc4 16. Bf3 Nxe3 17. fxe3 O-O-O 18. Nxh5 Bh6 19. Ng3 Kb8 20. Nf5 Bf8 21.
h3 Re8 22. Bg4 Rd8 23. dxe5 Rxd1+ 24. Rxd1 fxe5 25. Rd8+ Kc7 26. Nd6 Qxd6 27.
Rxd6 Bxd6 28. Qf5 Kb6 29. Qf6 Rd8 30. Qxd8+ 1-0